La geographie humaine (Record no. 37040)

MARC details
000 -LEADER
campo de control de longitud fija 00455nam a2200145 i 4500
001 - NÚMERO DE CONTROL
campo de control 37040
003 - IDENTIFICADOR DE NÚMERO DE CONTROL
campo de control ES-MaACL
007 - CAMPO FIJO DE DESCRIPCIÓN FÍSICA--INFORMACIÓN GENERAL
campo de control de longitud fija t|
008 - DATOS DE LONGITUD FIJA--INFORMACIÓN GENERAL
campo de control de longitud fija 030220s1910 fr ||||1| fre d
100 1# - ENTRADA PRINCIPAL--NOMBRE DE PERSONA
Nombre de persona Brunhes, Jean.
9 (RLIN) 32179
245 13 - MENCIÓN DEL TÍTULO
Título La geographie humaine
Resto del título : essai de classification positive : principes et exemples /
Mención de responsabilidad, etc. par Jean Brunhes.
260 ## - PUBLICACIÓN, DISTRIBUCIÓN, ETC.
Lugar de publicación, distribución, etc. Paris :
Nombre del editor, distribuidor, etc. [s.n.,
Fecha de publicación, distribución, etc. 1910] (
Lugar de fabricación/manufactura Evreux :
Fabricante P. Herissey)
300 ## - DESCRIPCIÓN FÍSICA
Extensión 843 p. ;
Dimensiones 24 cm.
852 ## - LOCALIZACIÓN
Ubicación ES-MaACL
Número de control de estantería B-874
Holdings
Estatus retirado Estado de pérdida Estado de daño No para préstamo Biblioteca de origen Biblioteca actual Ubicación en estantería Fecha de adquisición Fuente de adquisición Total de préstamos Signatura topográfica completa Código de barras Visto por última vez Precio de reemplazo Tipo de ítem Koha
        Biblioteca del Ateneo de Madrid Biblioteca del Ateneo de Madrid Sala Pardo Bazán 17/01/2008     B-874 1038969 23/02/2023 23/02/2023 Libro impreso